Länder mit den wenigsten Einwohnern (ohne Inseln) - Statistiken

Allgemein
  • Dieses Quiz wurde 344 mal gespielt
    286 seit der letzten Aktualisierung
  • Das Durchschnittsergebnis liegt bei 16 aus 25
Antwortstatistiken
Hint Antwort % Korrekt
815 Vatikanstadt
99%
77.146 Andorra
95%
38.020 Liechtenstein
94%
33.864 San Marino
94%
615.730 Luxemburg
90%
38.967 Monaco
89%
1.873.000 Kosovo
74%
2.125.267 Lesotho
70%
1.148.133 Eswatini
66%
627.988 Montenegro
66%
390.351 Belize
64%
763.094 Bhutan
63%
2.347.696 Gambia
62%
1.325.649 Estland
61%
1.906.740 Lettland
61%
2.083.458 Nordmazedonien
61%
2.078.654 Slowenien
57%
973.557 Dschibuti
56%
581.363 Suriname
56%
786.559 Guyana
55%
1.355.982 Äquatorialguinea
49%
1.920.917 Guinea-Bissau
41%
2.172.578 Gabun
32%
2.494.524 Namibia
20%
2.303.703 Botswana
16%
Keine übereinstimmenden Quizze gefunden
Verteilung der Resultate
Anzahl Personen mit jedem Resultat
Perzentil nach korrekt beantworteten Fragen
Ihre Resultats-Entwicklung
Sie haben dieses Quiz seit der letzten Aktualisierung nicht gespielt